Strategic management and marketing / (Record no. 75136)

MARC details
000 -LEADER
fixed length control field 00617nam a22002057a 4500
005 - DATE AND TIME OF LATEST TRANSACTION
control field 20130507124239.0
010 ## - LCCN (DPL NO)
LC control number ENG-106990
020 ## - INTERNATIONAL STANDARD BOOK NUMBER
International Standard Book Number 9789350516386
Terms of availability 375.00
035 ## - SYSTEM CONTROL NUMBER
System control number EN-90523
037 ## - SOURCE OF ACQUISITION
Source of stock number/acquisition DBAD/PUB
082 ## - DEWEY DECIMAL CLASSIFICATION NUMBER
Classification number 332.1068
100 ## - MAIN ENTRY--PERSONAL NAME
Personal name Narendra Singh
245 10 - TITLE STATEMENT
Title Strategic management and marketing /
Statement of responsibility, etc by Narendra Singh
250 ## - EDITION STATEMENT
Edition statement 3rd rev. ed
260 ## - PUBLICATION, DISTRIBUTION, ETC. (IMPRINT)
Place of publication, distribution, etc New Delhi
Name of publisher, distributor, etc Himalaya Publishing House
Date of publication, distribution, etc 2012
270 ## - ADDRESS
Address Pooja Apartment,4-B, Ansari Road,Daryaganj
City New Delhi
Postal code 110001
300 ## - PHYSICAL DESCRIPTION
Extent 438p.
Dimensions 24cm(pbk)
500 ## - GENERAL NOTE
General note Includes index
942 ## - ADDED ENTRY ELEMENTS (KOHA)
Source of classification or shelving scheme Dewey Decimal Classification
Item type English Books
Call number suffix NAR
Classification part 332.1068
Holdings
Withdrawn status Lost status Not for loan Collection code Home library Current library Date acquired Source of acquisition Cost, normal purchase price Full call number Barcode Copy number Cost, replacement price Koha item type
    Not For Loan Non-fiction D.B.Act.Division D.B.Act.Division 06/05/2013 DBAD/PUB 375.00 332.1068 NAR EN-90523 1 375.00 English Books

© Delhi Public Library
Hit Counter
free hit counter